[Event "Pico City op"]
[Site "Pico City"]
[Date "1996.??.??"]
[Round "5"]
[White "Rodriguez Vila, Andres"]
[Black "Sorin, Ariel"]
[Result "1-0"]
[WhiteElo "2565"]
[BlackElo "2485"]
[PlyCount "123"]
[EventDate "1996.??.??"]
[EventType "swiss"]
[EventRounds "9"]
[EventCountry "ARG"]
[SourceTitle "EXT 1998"]
[Source "ChessBase"]
[SourceDate "1997.11.17"]
[SourceVersion "1"]
[SourceVersionDate "1997.11.17"]
[SourceQuality "1"]

1. e4 e5 2. Nf3 Nc6 3. Bc4 Bc5 4. c3 Nf6 5. d3 a6 6. Bb3 d6 7. O-O Ba7 8. Nbd2
O-O 9. Re1 Ne7 10. Nf1 Ng6 11. Ng3 Be6 12. h3 h6 13. d4 Re8 14. Bc2 c6 15. Be3
Qc7 16. Qd2 Rad8 17. Nf5 d5 18. Bxh6 Nxe4 19. Bxe4 dxe4 20. Nxg7 exf3 21. Qg5
Qe7 22. Nxe6 Qxg5 23. Nxg5 fxg2 24. Ne4 Re6 25. Bg5 Ra8 26. dxe5 Nxe5 27. Kxg2
Nd3 28. Nf6+ Kh8 29. Rxe6 fxe6 30. Rd1 Rd8 31. Kf1 Bb6 32. Ne4 Rd5 33. c4 Rd7
34. Nf6 Rg7 35. Rxd3 Rxg5 36. c5 Ba5 37. Rd6 Kg7 38. Ne4 Re5 39. f3 Bb4 40.
Rd7+ Kg6 41. Rxb7 Bxc5 42. Rc7 Bd4 43. b3 c5 44. Rc6 Kf5 45. Rxa6 Kf4 46. Kg2
Ke3 47. Rc6 Kd3 48. Kg3 Ke3 49. Kg2 Kd3 50. a4 Rh5 51. a5 c4 52. bxc4 Rxa5 53.
Kg3 e5 54. h4 Ra1 55. c5 Ke3 56. Rf6 Kd3 57. c6 Be3 58. Rd6+ Bd4 59. Nc5+ Ke3
60. c7 Rg1+ 61. Kh2 Kxf3 62. Rf6+ 1-0

[Event "Pico City op"]
[Site "Pico City"]
[Date "1996.??.??"]
[Round "6"]
[White "Valerga, Diego"]
[Black "Rodriguez Vila, Andres"]
[Result "1/2-1/2"]
[WhiteElo "2445"]
[BlackElo "2565"]
[PlyCount "61"]
[EventDate "1996.??.??"]
[EventType "swiss"]
[EventRounds "9"]
[EventCountry "ARG"]
[SourceTitle "EXT 1998"]
[Source "ChessBase"]
[SourceDate "1997.11.17"]
[SourceVersion "1"]
[SourceVersionDate "1997.11.17"]
[SourceQuality "1"]

1. e4 e6 2. d4 d5 3. Nd2 Nf6 4. e5 Nfd7 5. Bd3 c5 6. c3 Nc6 7. Ne2 cxd4 8. cxd4
f6 9. exf6 Nxf6 10. O-O Bd6 11. Nf3 Qc7 12. Nc3 a6 13. h3 O-O 14. Be3 h6 15.
Nh4 e5 16. dxe5 Nxe5 17. Bf5 Qf7 18. Bd4 Bxf5 19. Nxf5 Bc7 20. Nxd5 Nxd5 21.
Bxe5 Bxe5 22. Qxd5 Rae8 23. Qxf7+ Rxf7 24. g4 Bxb2 25. Nd6 Bxa1 26. Rxa1 Re2
27. Nxf7 Kxf7 28. a4 b5 29. axb5 axb5 30. Ra5 Rb2 31. Kg2 1/2-1/2

[Event "Pico City op"]
[Site "Pico City"]
[Date "1996.??.??"]
[Round "7"]
[White "Rodriguez Vila, Andres"]
[Black "Gomez Baillo, Jorge H"]
[Result "1-0"]
[WhiteElo "2565"]
[BlackElo "2450"]
[PlyCount "53"]
[EventDate "1996.??.??"]
[EventType "swiss"]
[EventRounds "9"]
[EventCountry "ARG"]
[SourceTitle "EXT 1998"]
[Source "ChessBase"]
[SourceDate "1997.11.17"]
[SourceVersion "1"]
[SourceVersionDate "1997.11.17"]
[SourceQuality "1"]

1. e4 d5 2. exd5 Nf6 3. d4 Nxd5 4. Nf3 g6 5. c4 Nb6 6. h3 Bg7 7. Nc3 O-O 8. Be3
Nc6 9. Be2 e5 10. d5 Ne7 11. g4 f5 12. Qb3 Kh8 13. O-O-O Nd7 14. Ng5 Nf6 15.
Nb5 a6 16. Na7 f4 17. Nxc8 fxe3 18. Nxe7 Qxe7 19. Qxe3 Bh6 20. h4 Nd7 21. Kb1
Rae8 22. Rh2 Bxg5 23. hxg5 Qc5 24. Qe4 Kg7 25. Rdh1 Re7 26. Bd3 Rxf2 27. Qxg6+
1-0

[Event "Pico City op"]
[Site "Pico City"]
[Date "1996.??.??"]
[Round "9"]
[White "Rodriguez Vila, Andres"]
[Black "Fiorito, Fabian"]
[Result "1/2-1/2"]
[WhiteElo "2565"]
[BlackElo "2470"]
[PlyCount "22"]
[EventDate "1996.??.??"]
[EventType "swiss"]
[EventRounds "9"]
[EventCountry "ARG"]
[SourceTitle "EXT 1998"]
[Source "ChessBase"]
[SourceDate "1997.11.17"]
[SourceVersion "1"]
[SourceVersionDate "1997.11.17"]
[SourceQuality "1"]

1. e4 e5 2. Nf3 Nc6 3. Bb5 a6 4. Ba4 Nf6 5. O-O Be7 6. Re1 b5 7. Bb3 d6 8. c3
O-O 9. h3 Bb7 10. d3 Re8 11. Ng5 Rf8 1/2-1/2

[Event "Rosario"]
[Site "Rosario"]
[Date "1996.??.??"]
[Round "3"]
[White "Rodriguez Vila, Andres"]
[Black "Sanchez Almeyra, Jorge"]
[Result "1-0"]
[WhiteElo "2575"]
[BlackElo "2445"]
[PlyCount "49"]
[EventDate "1996.??.??"]
[EventType "tourn"]
[EventRounds "9"]
[EventCountry "ARG"]
[EventCategory "7"]
[SourceTitle "CBM 053 Extra"]
[Source "ChessBase"]
[SourceDate "1996.09.01"]
[SourceVersion "1"]
[SourceVersionDate "1996.09.01"]
[SourceQuality "1"]

1. e4 c5 2. Nf3 e6 3. d4 cxd4 4. Nxd4 Nf6 5. Nc3 d6 6. Be3 a6 7. Qd2 Be7 8. f3
Nc6 9. O-O-O O-O 10. g4 Nxd4 11. Qxd4 b5 12. h4 Bb7 13. g5 Nd7 14. Kb1 Rc8 15.
h5 Bxg5 16. Bxg5 Qxg5 17. h6 Qf6 18. hxg7 Rfd8 19. Qf2 b4 20. Bd3 bxc3 21. Rxh7
Ne5 22. Rdh1 Qf4 23. Qg2 Ng6 24. e5 dxe5 25. Bxg6 1-0

[Event "Rosario"]
[Site "Rosario"]
[Date "1996.??.??"]
[Round "6"]
[White "Rodriguez Vila, Andres"]
[Black "Aguerreberry, Claudio"]
[Result "1/2-1/2"]
[WhiteElo "2575"]
[BlackElo "2265"]
[PlyCount "173"]
[EventDate "1996.??.??"]
[EventType "tourn"]
[EventRounds "9"]
[EventCountry "ARG"]
[EventCategory "7"]
[SourceTitle "CBM 053 Extra"]
[Source "ChessBase"]
[SourceDate "1996.09.01"]
[SourceVersion "1"]
[SourceVersionDate "1996.09.01"]
[SourceQuality "1"]

1. e4 c5 2. Nf3 Nc6 3. d4 cxd4 4. Nxd4 g6 5. Ne2 Bg7 6. g3 Nf6 7. Bg2 O-O 8.
Nbc3 d6 9. O-O Rb8 10. a4 a6 11. h3 b5 12. axb5 axb5 13. Nd5 Nd7 14. f4 Bb7 15.
f5 e6 16. Ne3 Nde5 17. Nf4 Re8 18. fxe6 fxe6 19. h4 Qb6 20. Kh2 Nd8 21. c3 b4
22. Qb3 Bc6 23. Bd2 Qb7 24. Qxb4 Qc7 25. Qa3 Qb7 26. Qxd6 Ndf7 27. Qb4 Qd7 28.
Qd4 Nf3+ 29. Rxf3 Bxd4 30. cxd4 Bxe4 31. Ng4 Kg7 32. Nh5+ gxh5 33. Nf6 Bxf3 34.
Nxd7 Rxb2 35. Bxf3 Rxd2+ 36. Kh3 Rxd4 37. Nc5 Rc4 38. Ne4 Re7 39. Ra5 Rd4 40.
Ra6 Ne5 41. Bg2 h6 42. Nc5 Kf7 43. Nb3 Rb4 44. Nc5 Rd4 45. Nb3 Rd1 46. Ra5 Re1
47. Nd4 Re3 48. Nc2 Rc3 49. Nd4 Ng4 50. Rxh5 Nf6 51. Re5 Rd7 52. Ne2 Ra3 53.
Nf4 Rd4 54. Ne2 Rdd3 55. Rb5 Re3 56. Rb7+ Kg6 57. Rb2 Nh5 58. Kh2 Nxg3 59. Nf4+
Kf6 60. Rb6 Ke7 61. h5 Ra5 62. Rb7+ Kf6 63. Rb6 Nxh5 64. Nd5+ Rxd5 65. Bxd5 Nf4
66. Bc6 h5 67. Rb8 h4 68. Rg8 Re2+ 69. Kh1 Ke5 70. Rg5+ Kd6 71. Bb7 e5 72. Rg4
h3 73. Rg3 Kc5 74. Bc8 e4 75. Bxh3 Nxh3 76. Rxh3 Kd4 77. Kg1 Re3 78. Rh8 Rf3
79. Ra8 e3 80. Kg2 Rf2+ 81. Kg1 Rf4 82. Ra4+ Kd3 83. Ra3+ Ke2 84. Ra2+ Kf3 85.
Kf1 Rb4 86. Rf2+ Ke4 87. Rf8 1/2-1/2

[Event "Villa Ballester Siembra op"]
[Site "Villa Ballester"]
[Date "1996.??.??"]
[Round "3"]
[White "Rodriguez Vila, Andres"]
[Black "Bielicki, Carlos"]
[Result "1-0"]
[WhiteElo "2575"]
[BlackElo "2325"]
[PlyCount "111"]
[EventDate "1996.??.??"]
[EventType "swiss"]
[EventRounds "9"]
[EventCountry "ARG"]
[SourceTitle "CBM 051 Extra"]
[Source "ChessBase"]
[SourceDate "1996.05.01"]
[SourceVersion "1"]
[SourceVersionDate "1996.05.01"]
[SourceQuality "1"]

1. e4 c5 2. Ne2 Nf6 3. Nbc3 d6 4. d4 cxd4 5. Nxd4 Nc6 6. Be3 e5 7. Nf3 Be7 8.
Bc4 O-O 9. O-O h6 10. h3 Be6 11. Bb3 Na5 12. Qe2 a6 13. Rad1 Nxb3 14. axb3 Qc7
15. Ne1 Qc6 16. Qd3 Nh5 17. Qe2 Nf6 18. Qf3 b5 19. Rd2 Qb7 20. Nd5 Bxd5 21.
exd5 Rac8 22. c3 Kh8 23. Nc2 a5 24. Ra1 Ra8 25. b4 a4 26. Na3 Rab8 27. Rad1 Kg8
28. h4 Qd7 29. Re2 Ng4 30. Qh3 f5 31. Bc1 f4 32. Bd2 Qf5 33. f3 Ne3 34. Bxe3
Qxh3 35. gxh3 fxe3 36. Rxe3 Bxh4 37. Re4 Bg5 38. Kf2 Rfc8 39. Rde1 Rb7 40. R1e2
Kf7 41. Rc2 Bd8 42. Ke2 g5 43. Kd3 Ke7 44. c4 bxc4+ 45. Rexc4 Rxc4 46. Rxc4 Bb6
47. Nc2 Kd7 48. Rc6 Rb8 49. Ke4 Bc7 50. Ra6 Rf8 51. b5 Rf4+ 52. Ke3 Rc4 53. Rc6
Rh4 54. Kf2 Rf4 55. Kg3 h5 56. b6 1-0

[Event "Villa Ballester Siembra op"]
[Site "Villa Ballester"]
[Date "1996.??.??"]
[Round "5"]
[White "Rodriguez Vila, Andres"]
[Black "Ricardi, Pablo"]
[Result "1-0"]
[WhiteElo "2575"]
[BlackElo "2555"]
[PlyCount "67"]
[EventDate "1996.??.??"]
[EventType "swiss"]
[EventRounds "9"]
[EventCountry "ARG"]
[SourceTitle "CBM 051 Extra"]
[Source "ChessBase"]
[SourceDate "1996.05.01"]
[SourceVersion "1"]
[SourceVersionDate "1996.05.01"]
[SourceQuality "1"]

1. e4 c5 2. Nf3 e6 3. d4 cxd4 4. Nxd4 Nf6 5. Nc3 d6 6. Be3 Nc6 7. f3 a6 8. Qd2
Nxd4 9. Qxd4 Be7 10. O-O-O O-O 11. g4 b5 12. g5 Nd7 13. h4 Rb8 14. Kb1 b4 15.
Ne2 Nc5 16. h5 e5 17. Qd2 Be6 18. Nc1 Na4 19. Nb3 a5 20. g6 Qc7 21. Bh3 Qd7 22.
Qg2 fxg6 23. hxg6 hxg6 24. Qxg6 Bxh3 25. Rdg1 Bf6 26. Rg3 Qf7 27. Qh6 Rfc8 28.
Qxh3 Qc4 29. Rg2 Nc3+ 30. bxc3 a4 31. Qf5 axb3 32. axb3 bxc3 33. Qxf6 Rxb3+ 34.
Kc1 1-0

[Event "Villa Ballester Siembra op"]
[Site "Villa Ballester"]
[Date "1996.??.??"]
[Round "6"]
[White "Tempone, Marcelo"]
[Black "Rodriguez Vila, Andres"]
[Result "1/2-1/2"]
[WhiteElo "2460"]
[BlackElo "2575"]
[PlyCount "33"]
[EventDate "1996.??.??"]
[EventType "swiss"]
[EventRounds "9"]
[EventCountry "ARG"]
[SourceTitle "CBM 051 Extra"]
[Source "ChessBase"]
[SourceDate "1996.05.01"]
[SourceVersion "1"]
[SourceVersionDate "1996.05.01"]
[SourceQuality "1"]

1. d4 f5 2. c4 Nf6 3. g3 g6 4. Bg2 Bg7 5. Nc3 O-O 6. Nh3 d6 7. d5 Na6 8. O-O
Nc5 9. Nf4 e5 10. dxe6 c6 11. Qc2 Nxe6 12. Nxe6 Bxe6 13. b3 Rf7 14. Bb2 Qf8 15.
Rad1 Rd8 16. e3 Rfd7 17. Rd2 1/2-1/2

[Event "Villa Ballester Siembra op"]
[Site "Villa Ballester"]
[Date "1996.??.??"]
[Round "7"]
[White "Rodriguez Vila, Andres"]
[Black "Sorin, Ariel"]
[Result "1-0"]
[WhiteElo "2575"]
[BlackElo "2505"]
[PlyCount "73"]
[EventDate "1996.??.??"]
[EventType "swiss"]
[EventRounds "9"]
[EventCountry "ARG"]
[SourceTitle "CBM 051 Extra"]
[Source "ChessBase"]
[SourceDate "1996.05.01"]
[SourceVersion "1"]
[SourceVersionDate "1996.05.01"]
[SourceQuality "1"]

1. e4 e5 2. Nf3 Nc6 3. Bc4 Bc5 4. O-O Nf6 5. d3 d6 6. c3 a6 7. Bb3 Ba7 8. h3 h6
9. Re1 g5 10. Nh2 g4 11. hxg4 Rg8 12. Qf3 Na5 13. Bd5 c6 14. Bxf7+ Kxf7 15. b4
Bxg4 16. Nxg4 Rxg4 17. Be3 b5 18. bxa5 Qxa5 19. Bxa7 Rxa7 20. d4 Re7 21. dxe5
Rxe5 22. Nd2 Qc7 23. a4 Reg5 24. g3 Qe7 25. axb5 axb5 26. Qe3 Kg6 27. Kf1 Rh5
28. Ra7 Rh1+ 29. Ke2 Rxe1+ 30. Kxe1 Qe8 31. f4 Kh5 32. Qf3 Kg6 33. Qd3 Kh5 34.
Qe2 Nd7 35. Nf1 Nf6 36. Qh2+ Kg6 37. f5+ 1-0

[Event "Villa Ballester Siembra op"]
[Site "Villa Ballester"]
[Date "1996.??.??"]
[Round "8"]
[White "Rodriguez Vila, Andres"]
[Black "Celis, Gustavo"]
[Result "1-0"]
[WhiteElo "2575"]
[BlackElo "2410"]
[PlyCount "89"]
[EventDate "1996.??.??"]
[EventType "swiss"]
[EventRounds "9"]
[EventCountry "ARG"]
[SourceTitle "CBM 051 Extra"]
[Source "ChessBase"]
[SourceDate "1996.05.01"]
[SourceVersion "1"]
[SourceVersionDate "1996.05.01"]
[SourceQuality "1"]

1. e4 c5 2. Nf3 Nc6 3. d4 cxd4 4. Nxd4 Nf6 5. Nc3 e5 6. Ndb5 d6 7. Bg5 a6 8.
Na3 b5 9. Bxf6 gxf6 10. Nd5 f5 11. c3 Bg7 12. exf5 Bxf5 13. Nc2 Be6 14. g3 O-O
15. Bg2 f5 16. a4 bxa4 17. Rxa4 e4 18. Nf4 Bb3 19. Ra3 Bf7 20. Ne3 Ne7 21. Bh3
Qb6 22. O-O d5 23. Nfxd5 Nxd5 24. Nxd5 Qb7 25. Ra5 Rad8 26. c4 f4 27. Qe2 fxg3
28. hxg3 Rfe8 29. Rd1 Kh8 30. Rd2 Bh6 31. Ne3 Qb6 32. Rf5 Rxd2 33. Qxd2 Rd8 34.
Qc3+ Bg7 35. c5 Qc7 36. Qb4 Rd4 37. Qb6 Qxb6 38. cxb6 Be6 39. Rc5 Bxh3 40. b7
Rd8 41. g4 Rg8 42. Kh2 Bxb2 43. Kxh3 Bd4 44. Rc8 Be5 45. Nf5 1-0

[Event "Villa Ballester Siembra op"]
[Site "Villa Ballester"]
[Date "1996.??.??"]
[Round "9"]
[White "Fiorito, Fabian"]
[Black "Rodriguez Vila, Andres"]
[Result "1/2-1/2"]
[WhiteElo "2455"]
[BlackElo "2575"]
[PlyCount "22"]
[EventDate "1996.??.??"]
[EventType "swiss"]
[EventRounds "9"]
[EventCountry "ARG"]
[SourceTitle "CBM 051 Extra"]
[Source "ChessBase"]
[SourceDate "1996.05.01"]
[SourceVersion "1"]
[SourceVersionDate "1996.05.01"]
[SourceQuality "1"]

1. d4 d5 2. c4 e6 3. cxd5 exd5 4. Nc3 Nf6 5. Bg5 Be7 6. e3 O-O 7. Nf3 c6 8. Bd3
Nbd7 9. Qc2 Re8 10. O-O Nf8 11. Rab1 a5 1/2-1/2

[Event "Villa Martelli op"]
[Site "Villa Martelli"]
[Date "1996.??.??"]
[Round "3"]
[White "Rodriguez Vila, Andres"]
[Black "Bronstein, Luis Marcos"]
[Result "1-0"]
[WhiteElo "2575"]
[BlackElo "2415"]
[PlyCount "107"]
[EventDate "1996.??.??"]
[EventType "swiss"]
[EventRounds "9"]
[EventCountry "ARG"]
[SourceTitle "EXT 1998"]
[Source "ChessBase"]
[SourceDate "1997.11.17"]
[SourceVersion "1"]
[SourceVersionDate "1997.11.17"]
[SourceQuality "1"]

1. e4 c5 2. Nf3 Nc6 3. d4 cxd4 4. Nxd4 Nf6 5. Nc3 e5 6. Ndb5 d6 7. Bg5 a6 8.
Na3 Be6 9. Nc4 Rc8 10. Bxf6 gxf6 11. Ne3 Bh6 12. Bd3 Bxe3 13. fxe3 Qb6 14. Qc1
h5 15. O-O Rh6 16. Kh1 h4 17. a3 h3 18. g3 Ne7 19. Qd2 Qc6 20. Kg1 Kf8 21. Rf2
Kg7 22. Rd1 Qc5 23. Bf1 Rg6 24. Nd5 Nxd5 25. exd5 Bg4 26. Re1 a5 27. c4 a4 28.
Qb4 f5 29. Qxc5 Rxc5 30. Rb1 Ra5 31. b4 axb3 32. Rxb3 b6 33. Ra2 f4 34. exf4
exf4 35. Rxb6 fxg3 36. hxg3 Rf6 37. Rb3 Ra8 38. a4 Re8 39. Rb1 Re3 40. a5 Rxg3+
41. Kh2 Rgf3 42. a6 Rf2+ 43. Rxf2 Rxf2+ 44. Kg3 h2 45. Bg2 Ra2 46. a7 f5 47.
Rb7+ Kf6 48. c5 Kg5 49. Kxh2 f4 50. Rg7+ Kh4 51. cxd6 f3 52. d7 Bxd7 53. a8=Q
Rxa8 54. Bxf3 1-0

[Event "Villa Martelli op"]
[Site "Villa Martelli"]
[Date "1996.??.??"]
[Round "5"]
[White "Rodriguez Vila, Andres"]
[Black "Peralta, Fernando"]
[Result "1-0"]
[WhiteElo "2575"]
[BlackElo "2315"]
[PlyCount "137"]
[EventDate "1996.??.??"]
[EventType "swiss"]
[EventRounds "9"]
[EventCountry "ARG"]
[SourceTitle "EXT 1998"]
[Source "ChessBase"]
[SourceDate "1997.11.17"]
[SourceVersion "1"]
[SourceVersionDate "1997.11.17"]
[SourceQuality "1"]

1. e4 c5 2. Nf3 e6 3. d4 cxd4 4. Nxd4 a6 5. Nc3 Qc7 6. g3 Bb4 7. Nde2 Nf6 8.
Bg2 Be7 9. O-O Nc6 10. a4 O-O 11. h3 Rb8 12. f4 b5 13. axb5 axb5 14. e5 Ne8 15.
Kh2 d6 16. Nd4 Nxd4 17. Qxd4 b4 18. Ra7 dxe5 19. Rxc7 exd4 20. Rxe7 dxc3 21.
bxc3 bxc3 22. Ba3 Nf6 23. Bd6 Rb6 24. Bc5 Rb5 25. Rc7 Re8 26. Ra1 h6 27. Ra8
Bd7 28. Raa7 Rc8 29. Bd4 Rxc7 30. Rxc7 Rb2 31. Bxf6 gxf6 32. Rxd7 Rxc2 33. Rc7
f5 34. h4 Kf8 35. Kh3 Rc1 36. Bf3 Ke8 37. Kg2 Kd8 38. Rc4 Kd7 39. Kf2 f6 40.
Rd4+ Ke7 41. Rd1 Rc2+ 42. Ke3 e5 43. Be2 Ra2 44. Rc1 c2 45. Kd2 Ra3 46. Bd3 e4
47. Be2 Rxg3 48. Rxc2 Kd6 49. Ra2 Kd5 50. Ra6 Rb3 51. Rxf6 Ra3 52. Rxf5+ Kd4
53. Rb5 Ra2+ 54. Ke1 Ke3 55. Rb3+ Kxf4 56. Kf2 Rc2 57. h5 Rc6 58. Rg3 Rc1 59.
Rg4+ Ke5 60. Rg6 Kf4 61. Rf6+ Kg5 62. Rf8 Rc3 63. Rg8+ Kf4 64. Rg4+ Kf5 65. Rg6
Kf4 66. Rb6 Rh3 67. Rf6+ Ke5 68. Rf8 Rh2+ 69. Kg3 1-0

[Event "Villa Martelli op"]
[Site "Villa Martelli"]
[Date "1996.??.??"]
[Round "7"]
[White "Rodriguez Vila, Andres"]
[Black "Dos Santos, Freire Ramiro"]
[Result "1-0"]
[WhiteElo "2575"]
[BlackElo "2325"]
[PlyCount "123"]
[EventDate "1996.??.??"]
[EventType "swiss"]
[EventRounds "9"]
[EventCountry "ARG"]
[SourceTitle "EXT 1998"]
[Source "ChessBase"]
[SourceDate "1997.11.17"]
[SourceVersion "1"]
[SourceVersionDate "1997.11.17"]
[SourceQuality "1"]

1. e4 e5 2. Nf3 Nc6 3. Bc4 Bc5 4. c3 Nf6 5. d3 d6 6. Bb3 h6 7. Nbd2 a6 8. h3
Qe7 9. Nf1 Be6 10. Ng3 d5 11. O-O O-O 12. Nh4 dxe4 13. dxe4 Bxb3 14. axb3 Qe6
15. Qf3 Rfd8 16. Ngf5 Bf8 17. Kh1 Ne7 18. Nxe7+ Bxe7 19. Nf5 Bf8 20. Re1 Kh7
21. b4 Qc6 22. Ng3 g6 23. Be3 Rd7 24. Ra5 Re8 25. Kh2 Qe6 26. Qe2 c6 27. f3 Bd6
28. Raa1 Bc7 29. Rad1 Red8 30. Rxd7 Rxd7 31. Rd1 h5 32. Nh1 Qb3 33. Rxd7 Nxd7
34. Qd2 Qe6 35. Nf2 Nb6 36. Qe2 Nc4 37. Bc1 Bb6 38. Nd3 Nd6 39. Qd2 Nc4 40.
Qh6+ Kg8 41. b3 Nd6 42. Nc5 Bxc5 43. bxc5 Nb5 44. Qd2 Qe7 45. b4 Nc7 46. Qf2
Ne6 47. Qg3 Qf6 48. Qe1 Qd8 49. Qe2 a5 50. Qc2 Kg7 51. Be3 axb4 52. cxb4 Qd7
53. Qc3 f6 54. Qa3 Qd8 55. Qa2 Nc7 56. Bc1 Nb5 57. Qb3 h4 58. Qe6 g5 59. Qg4
Nc3 60. f4 exf4 61. e5 fxe5 62. Bb2 1-0

[Event "Villa Martelli op"]
[Site "Villa Martelli"]
[Date "1996.??.??"]
[Round "8"]
[White "Szmetan, Jorge"]
[Black "Rodriguez Vila, Andres"]
[Result "0-1"]
[WhiteElo "2405"]
[BlackElo "2575"]
[PlyCount "88"]
[EventDate "1996.??.??"]
[EventType "swiss"]
[EventRounds "9"]
[EventCountry "ARG"]
[SourceTitle "EXT 1998"]
[Source "ChessBase"]
[SourceDate "1997.11.17"]
[SourceVersion "1"]
[SourceVersionDate "1997.11.17"]
[SourceQuality "1"]

1. Nf3 f5 2. e4 fxe4 3. Ng5 Nf6 4. d3 d5 5. dxe4 h6 6. Nf3 dxe4 7. Qxd8+ Kxd8
8. Ne5 Be6 9. Nc3 Nbd7 10. Nxd7 Kxd7 11. Bf4 c6 12. h3 Bd5 13. Na4 Ke8 14. c4
Bf7 15. Be2 e6 16. O-O Be7 17. a3 Bg6 18. b4 Kf7 19. Nc5 b6 20. Na6 Rhd8 21.
Rfd1 Rac8 22. Rxd8 Bxd8 23. a4 Nd7 24. Rd1 Ke8 25. Bg4 Bf7 26. Be2 h5 27. Bd6
c5 28. b5 Bf6 29. f3 Bd4+ 30. Kf1 e3 31. f4 Nf6 32. Bf3 e5 33. Bxe5 Bxc4+ 34.
Be2 Bxe2+ 35. Kxe2 Nd5 36. Bxd4 cxd4 37. Rxd4 Rc2+ 38. Kf3 Rf2+ 39. Kg3 h4+ 40.
Kxh4 Nc3 41. Nc7+ Kf7 42. Rd7+ Kg8 43. Re7 e2 44. Kh5 Rxg2 0-1

[Event "Mar del Plata op"]
[Site "Mar del Plata"]
[Date "1996.??.??"]
[Round "3"]
[White "Rodriguez Vila, Andres"]
[Black "Ginzburg, Maximiliano"]
[Result "1-0"]
[WhiteElo "2575"]
[BlackElo "2405"]
[PlyCount "121"]
[EventDate "1996.03.??"]
[EventType "swiss"]
[EventRounds "9"]
[EventCountry "ARG"]
[SourceTitle "CBM 051 Extra"]
[Source "ChessBase"]
[SourceDate "1996.05.01"]
[SourceVersion "1"]
[SourceVersionDate "1996.05.01"]
[SourceQuality "1"]

1. e4 c5 2. Nf3 d6 3. d4 cxd4 4. Nxd4 Nf6 5. f3 a6 6. c4 e6 7. Nc3 Be7 8. Be2
b6 9. Be3 Bb7 10. Qd2 Nbd7 11. O-O O-O 12. Rfd1 Rc8 13. Nc2 Qc7 14. Rac1 Qb8
15. Kh1 Rfe8 16. Bf1 Bc6 17. Bg1 Nc5 18. b4 Na4 19. Nd4 Bd7 20. Nxa4 Bxa4 21.
Re1 Bd7 22. Nb3 Bc6 23. c5 b5 24. Na5 Ba8 25. a4 dxc5 26. bxc5 Red8 27. Qb4 Nd7
28. axb5 axb5 29. Red1 Qf4 30. Qxb5 Ne5 31. Qa6 h5 32. c6 Re8 33. h3 Qg5 34.
Bh2 Ng6 35. c7 Bb4 36. Qb5 Qe7 37. Rd7 Qf8 38. Qxh5 e5 39. Bc4 Nh8 40. Nb3 Ba3
41. Rc2 Bd6 42. Ba6 Rxc7 43. Rcxc7 Bxc7 44. Rxc7 Qd6 45. Bxe5 Qxa6 46. Nc5 Qf1+
47. Kh2 Ng6 48. Qxg6 fxg6 49. Rxg7+ Kh8 50. Re7+ Kg8 51. Rxe8+ Kf7 52. Rxa8 Qc1
53. Ra7+ Ke8 54. Bd6 Qd2 55. Ra8+ Kf7 56. Rf8+ Kg7 57. Ne6+ Kh7 58. Be5 g5 59.
Nxg5+ Kg6 60. Rf6+ Kh5 61. Nf7 1-0

[Event "Mar del Plata op"]
[Site "Mar del Plata"]
[Date "1996.??.??"]
[Round "5"]
[White "Rodriguez Vila, Andres"]
[Black "Baeos, Oscar"]
[Result "1/2-1/2"]
[WhiteElo "2575"]
[BlackElo "2370"]
[PlyCount "115"]
[EventDate "1996.03.??"]
[EventType "swiss"]
[EventRounds "9"]
[EventCountry "ARG"]
[SourceTitle "CBM 051 Extra"]
[Source "ChessBase"]
[SourceDate "1996.05.01"]
[SourceVersion "1"]
[SourceVersionDate "1996.05.01"]
[SourceQuality "1"]

1. e4 c5 2. Nf3 Nc6 3. d4 cxd4 4. Nxd4 Nf6 5. Nc3 e5 6. Ndb5 d6 7. Bg5 a6 8.
Na3 b5 9. Bxf6 gxf6 10. Nd5 f5 11. c3 fxe4 12. Bxb5 axb5 13. Nxb5 Be6 14. Nbc7+
Kd7 15. Nxa8 Bxd5 16. Qxd5 Qxa8 17. Qxf7+ Ne7 18. Rd1 Rg8 19. Qxh7 e3 20. Qh3+
Kc7 21. Qxe3 Rxg2 22. Qd3 Ng6 23. Qc4+ Kd7 24. Qb5+ Ke6 25. Qb3+ Kd7 26. Qd5
Qxd5 27. Rxd5 Nf4 28. Rd2 Nh3 29. Kf1 Rg4 30. f3 Rh4 31. Rg2 d5 32. Rg4 Rh6 33.
Ke1 Ke6 34. Ra4 Rh7 35. Kd2 Bc5 36. b4 Bg1 37. b5 Kf5 38. Ra8 e4 39. Rf8+ Ke6
40. a4 Ke7 41. Rf5 Ke6 42. Rf8 Ke7 43. Rb8 Kd6 44. fxe4 dxe4 45. Rxg1 Nxg1 46.
Ke3 Rxh2 47. Kxe4 Rh4+ 48. Ke3 Rxa4 49. Rc8 Ra7 50. Rc6+ Ke5 51. b6 Rb7 52. c4
Nh3 53. Rc5+ Kd6 54. Rh5 Re7+ 55. Kf3 Rf7+ 56. Kg3 Nf4 57. Rb5 Kc6 58. b7
1/2-1/2

[Event "Mar del Plata op"]
[Site "Mar del Plata"]
[Date "1996.??.??"]
[Round "8"]
[White "Rosito, Jorge"]
[Black "Rodriguez Vila, Andres"]
[Result "0-1"]
[WhiteElo "2395"]
[BlackElo "2575"]
[PlyCount "60"]
[EventDate "1996.03.??"]
[EventType "swiss"]
[EventRounds "9"]
[EventCountry "ARG"]
[SourceTitle "CBM 051 Extra"]
[Source "ChessBase"]
[SourceDate "1996.05.01"]
[SourceVersion "1"]
[SourceVersionDate "1996.05.01"]
[SourceQuality "1"]

1. e4 e6 2. d4 d5 3. e5 c5 4. c3 Bd7 5. Nf3 Nc6 6. Bd3 Qb6 7. dxc5 Bxc5 8. Qe2
Qc7 9. O-O Nge7 10. b4 Bb6 11. Na3 a6 12. Re1 Ng6 13. Bd2 O-O 14. Rac1 Qb8 15.
Nc2 Bc7 16. Bxg6 fxg6 17. Ncd4 Bb6 18. Nxc6 Bxc6 19. Be3 Bc7 20. Bd4 Rf5 21.
Qe3 Qd8 22. Bc5 h6 23. Red1 Qe8 24. Bb6 d4 25. Bxd4 Bxf3 26. gxf3 Qf7 27. Qe4
Rb8 28. Ba7 Rf4 29. Bxb8 Rxe4 30. fxe4 Bxb8 0-1

[Event "Mar del Plata op"]
[Site "Mar del Plata"]
[Date "1996.??.??"]
[Round "9"]
[White "Rodriguez Vila, Andres"]
[Black "Slipak, Sergio"]
[Result "1-0"]
[WhiteElo "2575"]
[BlackElo "2535"]
[PlyCount "73"]
[EventDate "1996.03.??"]
[EventType "swiss"]
[EventRounds "9"]
[EventCountry "ARG"]
[SourceTitle "CBM 051 Extra"]
[Source "ChessBase"]
[SourceDate "1996.05.01"]
[SourceVersion "1"]
[SourceVersionDate "1996.05.01"]
[SourceQuality "1"]

1. e4 e5 2. Nf3 Nc6 3. Bc4 Bc5 4. c3 Nf6 5. d3 a6 6. Nbd2 O-O 7. Bb3 Ba7 8. h3
d5 9. O-O Re8 10. Re1 d4 11. Nf1 h6 12. Ng3 Nd7 13. c4 Bc5 14. Nh2 Bf8 15. Qf3
Nc5 16. Bc2 Be6 17. a3 a5 18. Nf5 Kh7 19. g4 Be7 20. Kh1 Bg5 21. Rg1 g6 22. h4
Bxc1 23. Raxc1 Rf8 24. g5 h5 25. Nf1 Bxf5 26. exf5 e4 27. dxe4 d3 28. Bd1 Qd4
29. Ng3 Rae8 30. Nxh5 Nxe4 31. Rg2 Ne5 32. Qxe4 Nf3 33. Nf6+ Kh8 34. Qxf3 Re1+
35. Kh2 Qe5+ 36. Qg3 Rd8 37. fxg6 1-0